Central Library OPAC University of Rajshahi

The Ottoman Empire : (Record no. 27270)

MARC details
000 -LEADER
fixed length control field 01030nam a2200301 a 4500
001 - CONTROL NUMBER
control field 27270
003 - CONTROL NUMBER IDENTIFIER
rucl marc code BD-RjUL
005 - DATE AND TIME OF LATEST TRANSACTION
control field 20211209051132.0
008 - FIXED-LENGTH DATA ELEMENTS--GENERAL INFORMATION
fixed length control field 140324s1973 enkfbj b 001 0 eng d
020 ## - INTERNATIONAL STANDARD BOOK NUMBER
International Standard Book Number 0297994905
035 ## - SYSTEM CONTROL NUMBER
System control number (BD-RjUL)27342
System control number (OCoLC)1164974
040 ## - CATALOGING SOURCE
Original cataloging agency BD-RjUL
Language of cataloging eng
Transcribing agency BD-RjUL
Modifying agency BD-RjUL
041 1# - LANGUAGE CODE
Language code of text/sound track or separate title eng
Language code of original und
082 ## - DEWEY DECIMAL CLASSIFICATION NUMBER
Classification number 956.101
Author mark and year INO 1975
100 1# - MAIN ENTRY--PERSONAL NAME
Personal name İnalcık, Halil,
Dates associated with a name 1916-
9 (RLIN) 83687
245 14 - TITLE STATEMENT
Title The Ottoman Empire :
Remainder of title the classical age, 1300-1600 /
Statement of responsibility, etc. Halil Inalcik ; translated by Norman Itzkowitz and Colin Imber.
260 ## - PUBLICATION, DISTRIBUTION, ETC. (IMPRINT)
Place of publication, distribution, etc. London :
Name of publisher, distributor, etc. Weidenfeld & Nicolson,
Date of publication, distribution, etc. c1973 [Reprinted 1975]
300 ## - PHYSICAL DESCRIPTION
Pagination xii, 258 p., 32 p. of plates :
Illustrations illus., geneal. table, map ;
Size 25 cm.
504 ## - BIBLIOGRAPHY, ETC. NOTE
Bibliography, etc Bibliography: p. 233-248.
Bibliography, etc Includes index.
651 #0 - SUBJECT ADDED ENTRY--GEOGRAPHIC NAME
Geographic name Turkey
General subdivision History
Chronological subdivision 1288-1453.
9 (RLIN) 83619
Geographic name Turkey
General subdivision History
Chronological subdivision 1453-1683.
9 (RLIN) 83620
830 #0 - SERIES ADDED ENTRY--UNIFORM TITLE
Uniform title History of civilisation (London, England)
942 ## - ADDED ENTRY ELEMENTS (KOHA)
Source of classification or shelving scheme Dewey Decimal Classification
Koha item type Books
Holdings
Lost status Source of classification or shelving scheme Damaged status Not for loan Collection code Permanent Location Current Location Shelving location Date acquired Source of acquisition Cost, normal purchase price Total Checkouts Full call number Date last seen Copy number Koha item type
  Dewey Decimal Classification   Added to bundle Non-fiction Central Library, University of Rajshahi Central Library, University of Rajshahi Reading Room 04/02/1981 Heffer 8.00   956.101 INO 1975 24/03/2014 C-1 Books